Applied statistics for engineers and scientists

Αποθηκεύτηκε σε:
Λεπτομέρειες βιβλιογραφικής εγγραφής
Κύριος συγγραφέας: Devore, Jay
Μορφή: Βιβλίο
Γλώσσα:Undetermined
Έκδοση: Australia Thomson 2005
Θέματα:
Ετικέτες: Προσθήκη ετικέτας
Δεν υπάρχουν, Καταχωρήστε ετικέτα πρώτοι!
Thư viện lưu trữ: Trung tâm Học liệu Trường Đại học Cần Thơ
LEADER 00480nam a2200181Ia 4500
001 CTU_211739
008 210402s9999 xx 000 0 und d
082 |a 519.5 
082 |b D511 
100 |a Devore, Jay 
245 0 |a Applied statistics for engineers and scientists 
245 0 |c Jay Devore 
260 |a Australia 
260 |b Thomson 
260 |c 2005 
650 |a Mathematical statistics 
904 |i Giang 
980 |a Trung tâm Học liệu Trường Đại học Cần Thơ